Alle Fußball-WM-Teilnehmer mit Außnahmen - Statistiken

Allgemein
  • Dieses Quiz wurde 106 mal gespielt
  • Das Durchschnittsergebnis liegt bei 37 aus 46
Antwortstatistiken
# Teilnahmen Titel Nation % Korrekt
1 22 5 Brasilien
99%
3 18 3 Argentinien
98%
9 14 2 Uruguay
94%
23 11 - Vereinigte Staaten
94%
29 7 - Japan
91%
77 2 - Kanada
91%
49 3 - Südafrika
91%
26 11 - Südkorea
91%
41 6 - Australien
90%
47 4 - Algerien
89%
22 9 - Chile
89%
76 1 - China
89%
32 6 - Marokko
89%
13 17 - Mexiko
89%
45 6 - Saudi-Arabien
89%
61 2 - Neuseeland
88%
65 3 - Ägypten
87%
38 4 - Ecuador
86%
46 6 - Iran
86%
27 6 - Kolumbien
85%
33 6 - Nigeria
85%
37 5 - Peru
85%
25 8 - Paraguay
84%
30 6 - Costa Rica
83%
44 6 - Tunesien
83%
36 4 - Ghana
82%
72 1 - Katar
82%
58 2 - Nordkorea
82%
79 1 - Demokratische Republik Kongo
81%
48 3 - Elfenbeinküste
81%
70 1 - Irak
81%
74 1 - Panama
81%
69 3 - Bolivien
80%
62 3 - Honduras
80%
31 8 - Kamerun
79%
35 3 - Senegal
79%
60 1 - Jamaika
77%
71 1 - Togo
68%
57 1 - Kuba
67%
78 1 - Haiti
65%
68 1 - Trinidad und Tobago
64%
80 2 - El Salvador
61%
73 1 - Indonesien
61%
75 1 - Vereinigte Arabische Emirate
61%
63 1 - Angola
57%
67 1 - Kuwait
46%
Keine übereinstimmenden Quizze gefunden
Verteilung der Resultate
Anzahl Personen mit jedem Resultat
Perzentil nach korrekt beantworteten Fragen
Ihre Resultats-Entwicklung
Sie haben dieses Quiz noch nicht gespielt